000 00596nam a2200253Ia 4500
005 20260121114146.0
008 008 260114s9999 xx 000 0 eng d
020 _a9780891182979
037 _aEBOOK
040 _aCRL
040 _beng
040 _cCRL
041 _2eng
041 _aeng
084 _qCRL
100 _aW. R. Oschwald
_9971563
245 0 _aCrop Residue Management Systems
260 _bWiley
260 _c2020
856 _uhttps://onlinelibrary.wiley.com/doi/book/10.2134/asaspecpub31
942 _cEBOOK
999 _c1550817
_d1550817